Statistics for Smart Logos

Click here to take the quiz!

General Stats

  • This quiz has been taken 10 times
  • The average score is 6 of 10

Answer Stats

HintAnswer% Correct
S, F, HorseFerrari
100%
Pink BellTaco Bell
89%
Letter A, yellow lineAmazon
67%
Blue square, red square, 3 dotsDomino's
67%
Charging bullLamborghini
56%
Curved red, green, blue, and yellow squaresWindows
56%
Controllers, red button, white buttonNintendo
44%
White chili in red backgroundChipotle
33%
Tilted coffee with steam coming outDunkin' Donuts
22%
Red/black stripes, horsePorsche
22%

Score Distribution

Percentile by Number Answered

Percent of People with Each Score

Your Score History

You have not taken this quiz